| 000 | 00935cab a2200265 4500 | ||
|---|---|---|---|
| 001 | ABS57132 | ||
| 008 | 090401t1997 xxu||||| |||| 00| 0 eng d | ||
| 035 | _a(Sirsi) u98470 | ||
| 041 | _aeng | ||
| 100 | _aWard, C. | ||
| 245 | _aCommon land and village greens | ||
| 260 | _c1997 | ||
| 350 | _a0 | ||
| 490 |
_aValuer (ISVA) _v66(3) May/June 1997, 9(1) |
||
| 520 | _aLooks at the complexity of conveyancing public / private rights affecting common land or village greens. Highlights recent case law such as the Bucklebury Common decision and reviews relevant legislation such as the Enclosure Acts. | ||
| 650 | _aBUCKLEBURY COMMON | ||
| 650 | _aCOMMON LAND | ||
| 650 | _aCOMMONS REGISTRATION ACT 1965 | ||
| 650 | _aFLAMBOROUGH ENCLOSURE ACT 1765 | ||
| 650 | _aR V SUFFOLK CC EX P STEED AND ANOTHER | ||
| 650 | _aVILLAGE GREENS | ||
| 690 | _aHIGHWAYS RIGHTS OF WAY AND EASEMENTS | ||
| 942 | _n0 | ||
| 948 | _c12/06/1997 | ||
| 999 |
_c59855 _d59855 |
||